02238nam a22001937a 450000500170000000800410001704000440005804100080010208200160011010000420012624502630016826000580043130000410048950006610053050507540119150600210194565000400196665000380200620220224110654.0220224s1779 sp |||fr|||| 00| 0 spa d aCO-BoUCMbspacSandra YazodSandra Yazo aspa 220a338.9461 aArriquíbar, Nicolás ded1714-177510aRecreación Política.nReflexiones sobre el amigo de los hombres en su tratado de población, considerado con respecto a nuestros intereses, primera parte ; nObra póstuma de Don Nicolás De Arriquíbar...parte segunda.cpor Nicolás de Arriquíbar aVitoria (España)bTomás de Robles y Navarroc1779 axix, 263 ; 238 páginasc19 X13 cm. aDetalles físicos: Encuadernación rígida en cartón forrado en cuero. Lomo con tejuelo. Guardas en papel de agua. Hoja de cortesía. Portadas impresas en una sola tinta. Texto impreso en una sola columna, con diferentes tipos y tamaños de letra. Notas de pie de página. Tablas y gráficos. Papel manchado. Guardas se conservan parcialmente. En lomo no conserva los tejuelos, V.2 conserva parte de un tejuelo, cuero lomo y tapas, con perforaciones: roto en parte inferior del lomo. En hoja de cortesía de ambos tomos, nota de donación: “Para el C. del R. S. Saavedra Lozano. 1937”. Otra anotación en portada: “Joseph de Mazarredo”0 a“Del uso de la arismética política en el comercio y rentas” por el Señor Davenant en 1698 ; Prólogo explanatorio del traductor V.I: Agricultura ; Carta I: Utilidad de los escritos públicos ; Carta II: La decadencia de la agricultura es efecto y no causa de la despoblación ; Carta III: Continuación de la anterior ; Lugar que corresponde a la agricultura ; Carta IV: Capacidad de nuestra agricultura ; Carta V: Labor de ganado vacuno, primer aumento de la agricultura…[-Carta XI] -- V.II: Industria ; Carta I: Pintura simbólica del Estado ; Carta II: Poder de la industria ; Carta III: Nuevas pruebas de lo mismo ; Carta IV: Vanos obstáculos de nuestra industria ; Carta V: Derechos sobre comestibles de primera necesidad…  aConsulta en sala 7aPolítica española ySiglo XVIII 0aEconomíaxSiglo XVIIIzEspaña